| 000 | 005060000a22001930004500 | ||
|---|---|---|---|
| 001 | 002039 | ||
| 003 | MACL | ||
| 005 | 20151025110437.0 | ||
| 008 | 151025b xxu||||| |||| 00| 0 eng d | ||
| 040 |
_aMACL _cMACL |
||
| 041 | _aEnglish | ||
| 082 | _a921/KRI | ||
| 100 |
_aKrishnamurti Foundation, _916564 |
||
| 245 |
_aQuestioning Krishnamurti _cKrishnamurti Foundation |
||
| 260 |
_aChennai _c2001 _bKrishnamurti Foundation India, |
||
| 350 | _a325 | ||
| 650 |
_aBiography _916565 |
||
| 942 |
_k921 _cBK _2ddc |
||
| 999 |
_c13955 _d13955 |
||